00831nam a2200217 a 450000100100000000500170001000800410002704000250006808200200009310000450011324500740015826000370023230000210026950000660029059000260035665000280038265000310041091000370044195201180047899900170059600001062320240412074220.0091008s1972 dr 001 p spa d aDO-SdBNPbspacBNPHU aRD861.44bN734t1 aNivar de Pittaluga, Amada,d1898-92571014aLos tres tiempos de la rosa :bpoesías /cAmada Nivar de Pittaluga. aSanto Domingo :b[s. n.],c1972. a150 p. ;c21 cm. aIncluye datos biográficos de la autora en la contracubierta aInventariado, 2018/LP 0aPoesía dominicana966 0aLiteratura dominicana.967 aValidado. Control de calidad MFF 0010718PDaPDbPDcHDd2009-10-08iLF1l0oRD861.44 N734tp10623-10r2020-06-25w2020-06-25yLFPDZNo se presta c10381d10381